Elements of linear algebra / (Record no. 4559)
[ view plain ]
| 000 -LEADER | |
|---|---|
| fixed length control field | 00647cam a22002171 4500 |
| 001 - CONTROL NUMBER | |
| control field | 0000004746 |
| 005 - DATE AND TIME OF LATEST TRANSACTION | |
| control field | 20170406120052.0 |
| 008 - FIXED-LENGTH DATA ELEMENTS--GENERAL INFORMATION | |
| fixed length control field | 800124s1961 maua 000 0 eng |
| 010 ## - LIBRARY OF CONGRESS CONTROL NUMBER | |
| LC control number | 61001205 |
| 035 ## - SYSTEM CONTROL NUMBER | |
| -- | (DLC) 61001205 |
| 040 ## - CATALOGING SOURCE | |
| Original cataloging agency | DLC |
| Transcribing agency | DLC |
| Modifying agency | DLC |
| 050 00 - LIBRARY OF CONGRESS CALL NUMBER | |
| Classification number | QA251 |
| Item number | .P25 |
| 082 00 - DEWEY DECIMAL CLASSIFICATION NUMBER | |
| Classification number | 512.897 |
| 100 1# - MAIN ENTRY--PERSONAL NAME | |
| Personal name | Paige, Lowell J. |
| 245 00 - TITLE STATEMENT | |
| Title | Elements of linear algebra / |
| Statement of responsibility, etc. | [by] Lowell J. Paige [and] J. Dean Swift. |
| 260 ## - PUBLICATION, DISTRIBUTION, ETC. | |
| Place of publication, distribution, etc. | Boston : |
| Name of publisher, distributor, etc. | Ginn, |
| Date of publication, distribution, etc. | [1961] |
| 300 ## - PHYSICAL DESCRIPTION | |
| Extent | 348 p. : |
| Other physical details | illus. ; |
| Dimensions | 24 cm. |
| 650 #0 - SUBJECT ADDED ENTRY--TOPICAL TERM | |
| Topical term or geographic name entry element | Algebras, Linear. |
| 700 1# - ADDED ENTRY--PERSONAL NAME | |
| Personal name | Swift, J. Dean |
| Fuller form of name | (Jonathan Dean), |
| Dates associated with a name | 1918-, |
| Relator term | joint author. |
| 908 ## - PUT COMMAND PARAMETER (RLIN) | |
| Put command parameter | 141119 |
| Withdrawn status | Lost status | Source of classification or shelving scheme | Damaged status | Not for loan | Home library | Current library | Shelving location | Date acquired | Total Checkouts | Full call number | Barcode | Date last seen | Copy number | Price effective from | Koha item type |
|---|---|---|---|---|---|---|---|---|---|---|---|---|---|---|---|
| CUZ Harare Campus | CUZ Harare Campus | Open Shelf | 06.04.2017 | QA 251. PAI | BK0005609 | 22.05.2025 | CU905 | 06.04.2017 | OS Book |